[Event "Oberliga Ost A 2023 2024"]
[Site "?"]
[Date "2024.01.13"]
[Round "4.2"]
[Board "8"]
[White "Thorz, Maximilian"]
[Black "Klinkhart, Thorbjoern"]
[Result "0-1"]
[WhiteElo "1700"]
[BlackElo "1876"]
[PlyCount "120"]
[EventDate "2023.10.22"]
[EventType "team-tourn"]
[EventCountry "GER"]
[WhiteTeam "Erfurt SV Empor"]
[BlackTeam "Hoyerswerda FVS ASP"]
[WhiteTeamCountry "GER"]
[BlackTeamCountry "GER"]

1. d4 Nf6 2. c4 e5 3. d5 Bc5 4. e3 d6 5. Nc3 O-O 6. Bd2 Bf5 7. Na4 Nbd7 8. b4 Bb6 9. Be2 a6 10. Nxb6 Nxb6 11. f3 Bg6 12. e4 Nh5 13. Nh3 f5 14. Bg5 Qe8 15. exf5 Bxf5 16. g4 Bd7 17. c5 Nc8 18. O-O Nf4 19. Nxf4 exf4 20. Bd3 Qe3+ 21. Kh1 Bb5 22. Bxb5 axb5 23. Qb3 Ra3 24. Qxe3 Rxe3 25. Rae1 Rd3 26. Rd1 Rxd1 27. Rxd1 h6 28. Bh4 Re8 29. Rd2 Re3 30. Kg2 g5 31. Bf2 Re5 32. Rc2 Rxd5 33. cxd6 c6 34. Re2 Kf7 35. a4 bxa4 36. Bc5 Nxd6 37. h3 Nc8 38. Ra2 b5 39. Re2 Nd6 40. Kf2 a3 41. Ke1 Nc4 42. Re7+ Kf6 43. Rc7 Re5+ 44. Kf2 Re6 45. Bd4+ Ne5 46. Ra7 Rd6 47. Bxe5+ Kxe5 48. Rxa3 Rd2+ 49. Ke1 Rb2 50. Rc3 Kd5 51. Rd3+ Ke5 52. Rc3 Kd4 53. Rxc6 Rxb4 54. Rxh6 Ke3 55. Re6+ Kxf3 56. Rg6 Kg3 57. Rxg5 f3 58. Rf5 f2+ 59. Ke2 Re4+ 60. Kd2 Rf4 0-1

[Event "Oberliga Ost A 2023 2024"]
[Site "?"]
[Date "2024.01.13"]
[Round "4.3"]
[Board "1"]
[White "Post, Hugo"]
[Black "Wagner, Benjamin"]
[Result "0-1"]
[WhiteElo "2223"]
[BlackElo "2176"]
[PlyCount "72"]
[EventDate "2023.10.22"]
[EventType "team-tourn"]
[EventCountry "GER"]
[WhiteTeam "Loeberitz SG"]
[BlackTeam "Magdeburg SG Aufbau Elbe II"]
[WhiteTeamCountry "GER"]
[BlackTeamCountry "GER"]

1. e4 e5 2. Nf3 Nc6 3. Bb5 a6 4. Ba4 Nf6 5. O-O Be7 6. Re1 b5 7. Bb3 d6 8. c3 O-O 9. h3 Na5 10. Bc2 c5 11. d4 Qc7 12. d5 Nc4 13. b3 Nb6 14. a4 c4 15. a5 cxb3 16. Bxb3 Nc4 17. Bxc4 Qxc4 18. Na3 Qxc3 19. Bd2 Qc7 20. Rc1 Qd7 21. Nh4 Nxd5 22. Nf5 Bf6 23. Nc2 Ne7 24. Nce3 Nxf5 25. Nxf5 d5 26. Bb4 Rd8 27. Rc2 Bb7 28. Qg4 g6 29. Rec1 h5 30. Qg3 Rac8 31. Nd6 Rxc2 32. Rxc2 Be7 33. Nxb7 Qxb7 34. Qxe5 Bxb4 35. Rc7 Qb8 36. Qf4 Rd7 0-1

[Event "Oberliga Ost A 2023 2024"]
[Site "?"]
[Date "2024.01.13"]
[Round "4.3"]
[Board "2"]
[White "Rafayevych, Vilen"]
[Black "Schuetze, Norman"]
[Result "1-0"]
[WhiteElo "2164"]
[BlackElo "2285"]
[PlyCount "85"]
[EventDate "2023.10.22"]
[EventType "team-tourn"]
[EventCountry "GER"]
[WhiteTeam "Magdeburg SG Aufbau Elbe II"]
[BlackTeam "Loeberitz SG"]
[WhiteTeamCountry "GER"]
[BlackTeamCountry "GER"]

1. c4 Nf6 2. Nc3 g6 3. e4 d6 4. d4 Bg7 5. Nf3 O-O 6. Be2 e5 7. dxe5 dxe5 8. Qxd8 Rxd8 9. Bg5 Nbd7 10. O-O-O Rf8 11. Nd5 c6 12. Ne7+ Kh8 13. Be3 Re8 14. Nxc8 Raxc8 15. Nd2 a5 16. g4 a4 17. g5 Nh5 18. Bxh5 gxh5 19. Nf1 Nf8 20. Ng3 Ne6 21. Rd7 b5 22. Rxf7 Bf8 23. Rd1 Rcd8 24. cxb5 Rxd1+ 25. Kxd1 cxb5 26. Nxh5 Rd8+ 27. Ke2 Rc8 28. Nf6 Bg7 29. Re7 Rc6 30. h4 h6 31. Re8+ Nf8 32. Nd7 hxg5 33. Nxf8 Bxf8 34. Rxf8+ Kg7 35. Rd8 gxh4 36. Kf3 Rg6 37. Rd7+ Kg8 38. Rd1 h3 39. Rh1 Rc6 40. Rxh3 Rc2 41. Rh5 Rxb2 42. Rxe5 b4 43. Rb5 1-0

[Event "Oberliga Ost A 2023 2024"]
[Site "?"]
[Date "2024.01.13"]
[Round "4.3"]
[Board "3"]
[White "Pallas, Sebastian"]
[Black "Herter, Arne"]
[Result "1-0"]
[WhiteElo "2205"]
[BlackElo "2028"]
[PlyCount "91"]
[EventDate "2023.10.22"]
[EventType "team-tourn"]
[EventCountry "GER"]
[WhiteTeam "Loeberitz SG"]
[BlackTeam "Magdeburg SG Aufbau Elbe II"]
[WhiteTeamCountry "GER"]
[BlackTeamCountry "GER"]

1. e4 e5 2. Nf3 Nc6 3. Bc4 Bc5 4. a4 Nf6 5. d3 d6 6. O-O a6 7. Be3 O-O 8. Nbd2 Ba7 9. Bxa7 Rxa7 10. c3 Be6 11. Re1 Bxc4 12. Nxc4 b5 13. axb5 axb5 14. Rxa7 Nxa7 15. Ne3 c5 16. Qb3 Qa5 17. Nc2 Rc8 18. Ra1 Qc7 19. Ne3 c4 20. dxc4 bxc4 21. Qxc4 Qxc4 22. Nxc4 Rxc4 23. Rxa7 Kf8 24. Nd2 Rc6 25. f3 d5 26. exd5 Nxd5 27. Ra5 Nf4 28. Ne4 Rb6 29. b4 f5 30. Nc5 Rd6 31. Ra2 Rd1+ 32. Kf2 Rc1 33. g3 Nd5 34. Nd7+ Ke7 35. Nxe5 Nxc3 36. Ra7+ Kf6 37. f4 Rc2+ 38. Kf3 Rxh2 39. Rf7+ Ke6 40. Rxg7 Nd5 41. Nc6 Kf6 42. Rd7 Ke6 43. Rd8 Nf6 44. Nd4+ Ke7 45. Rb8 Nd7 46. Rb5 1-0

[Event "Oberliga Ost A 2023 2024"]
[Site "?"]
[Date "2024.01.13"]
[Round "4.3"]
[Board "4"]
[White "Udelnov, Valentin"]
[Black "Niegsch, Nicolas"]
[Result "1/2-1/2"]
[WhiteElo "2036"]
[BlackElo "2305"]
[PlyCount "101"]
[EventDate "2023.10.22"]
[EventType "team-tourn"]
[EventCountry "GER"]
[WhiteTeam "Magdeburg SG Aufbau Elbe II"]
[BlackTeam "Loeberitz SG"]
[WhiteTeamCountry "GER"]
[BlackTeamCountry "GER"]

1. e4 g6 2. d4 Bg7 3. Nf3 c6 4. Bd3 d6 5. O-O Nd7 6. Be3 e5 7. c3 Ngf6 8. Nbd2 O-O 9. Re1 Ng4 10. Bg5 f6 11. Bh4 h5 12. h3 Nh6 13. Bg3 Re8 14. Nc4 Nf7 15. Nh4 Nf8 16. Ne3 Bh6 17. Qe2 Ng5 18. dxe5 fxe5 19. Rad1 Kh7 20. Bc2 Nf7 21. Nf3 Qc7 22. Rd3 b6 23. c4 a5 24. Red1 Ne6 25. Rc3 Ba6 26. a3 Nf4 27. Qf1 Nd8 28. b4 axb4 29. axb4 Bb7 30. c5 dxc5 31. bxc5 Ba6 32. cxb6 Qxb6 33. Rd7+ Kh8 34. Nc4 Qb4 35. Bxf4 Bxf4 36. Qa1 Bc8 37. Qxa8 Qxc3 38. Qxc8 Qxc2 39. g3 Bxg3 40. fxg3 Qxc4 41. Rxd8 Qc1+ 42. Kg2 Qc2+ 43. Kf1 Qc4+ 44. Kf2 Qc2+ 45. Ke3 Qc3+ 46. Ke2 Qc4+ 47. Ke3 Qc3+ 48. Kf2 Qc2+ 49. Kf1 Qc4+ 50. Kg2 Qe2+ 51. Kg1 1/2-1/2

[Event "Oberliga Ost A 2023 2024"]
[Site "?"]
[Date "2024.01.13"]
[Round "4.3"]
[Board "5"]
[White "Otikova, Elina"]
[Black "Windelband, Jens"]
[Result "1-0"]
[WhiteElo "2051"]
[BlackElo "2016"]
[PlyCount "63"]
[EventDate "2023.10.22"]
[EventType "team-tourn"]
[EventCountry "GER"]
[WhiteTeam "Loeberitz SG"]
[BlackTeam "Magdeburg SG Aufbau Elbe II"]
[WhiteTeamCountry "GER"]
[BlackTeamCountry "GER"]

1. e4 e6 2. d4 d5 3. exd5 exd5 4. Nf3 Nf6 5. Bd3 c5 6. O-O c4 7. Re1+ Be7 8. Bf1 O-O 9. h3 Bf5 10. Ne5 Nbd7 11. Nc3 a6 12. a4 Bb4 13. Bd2 Qb6 14. Qf3 Bxc3 15. Bxc3 Be4 16. Nxd7 Nxd7 17. Qd1 Rfe8 18. Re3 Re6 19. b3 cxb3 20. cxb3 Rc8 21. a5 Qc7 22. Rc1 Rc6 23. b4 Nf8 24. b5 Rg6 25. Bd2 Qd8 26. Rxc8 Qxc8 27. Rc3 Qd7 28. bxa6 bxa6 29. Qb3 h6 30. Qb8 f5 31. Rc8 Rf6 32. Bb4 1-0

[Event "Oberliga Ost A 2023 2024"]
[Site "?"]
[Date "2024.01.13"]
[Round "4.3"]
[Board "6"]
[White "Noack, Marcel"]
[Black "Boehm, Christian"]
[Result "1/2-1/2"]
[WhiteElo "2017"]
[BlackElo "2047"]
[PlyCount "101"]
[EventDate "2023.10.22"]
[EventType "team-tourn"]
[EventCountry "GER"]
[WhiteTeam "Magdeburg SG Aufbau Elbe II"]
[BlackTeam "Loeberitz SG"]
[WhiteTeamCountry "GER"]
[BlackTeamCountry "GER"]

1. e4 c6 2. d4 d5 3. Nc3 dxe4 4. Nxe4 Nf6 5. Nxf6+ exf6 6. Bf4 Bd6 7. Bg3 Be6 8. Ne2 Na6 9. Qd2 Nc7 10. Nf4 Bxf4 11. Qxf4 Nd5 12. Qd2 h5 13. h3 h4 14. Bh2 O-O 15. Bd3 Re8 16. O-O Qd7 17. c4 Nb6 18. Qc3 Rad8 19. Rad1 Bf5 20. Bxf5 Qxf5 21. Rfe1 Re6 22. Rxe6 Qxe6 23. Bc7 Re8 24. Bxb6 axb6 25. d5 Qf5 26. Re1 Rxe1+ 27. Qxe1 cxd5 28. cxd5 Qxd5 29. a3 g5 30. Qe3 Qe6 31. Qc3 Kg7 32. b4 Qe5 33. Qf3 Qc7 34. Qe3 Qc6 35. g3 Qe6 36. gxh4 gxh4 37. Qf3 Kg6 38. Qxb7 Qe1+ 39. Kg2 Qe6 40. Qf3 f5 41. b5 Kg7 42. Qc6 Qb3 43. Qxb6 Qd5+ 44. f3 Qa2+ 45. Qf2 Qxa3 46. Qd4+ Kg6 47. b6 Qa2+ 48. Kf1 Qb3 49. Qd6+ f6 50. Ke2 Qb2+ 51. Kd3 1/2-1/2

[Event "Oberliga Ost A 2023 2024"]
[Site "?"]
[Date "2024.01.13"]
[Round "4.3"]
[Board "7"]
[White "Proehl, Holger"]
[Black "Willberg, Frank"]
[Result "1-0"]
[WhiteElo "2328"]
[BlackElo "1887"]
[PlyCount "111"]
[EventDate "2023.10.22"]
[EventType "team-tourn"]
[EventCountry "GER"]
[WhiteTeam "Loeberitz SG"]
[BlackTeam "Magdeburg SG Aufbau Elbe II"]
[WhiteTeamCountry "GER"]
[BlackTeamCountry "GER"]

1. e4 d5 2. exd5 Qxd5 3. Nc3 Qa5 4. d4 Nf6 5. Nf3 Bg4 6. h3 Bxf3 7. Qxf3 c6 8. Bc4 e6 9. O-O Be7 10. Bf4 O-O 11. Rad1 Nbd7 12. Rfe1 Nb6 13. Bb3 Nbd5 14. Bd2 Nxc3 15. bxc3 Qa3 16. c4 Rfd8 17. Bc1 Qa5 18. Re5 Qc7 19. c5 Rxd4 20. Rde1 Rd7 21. Bb2 Rf8 22. Rg5 Ne8 23. Rxg7+ Nxg7 24. Qg4 f6 25. Bxe6+ Kh8 26. Bxd7 Bxc5 27. Rd1 Qb6 28. Bc3 Bxf2+ 29. Kh1 c5 30. Qe2 Bd4 31. Bxd4 cxd4 32. Qe4 f5 33. Qxd4 Qxd4 34. Rxd4 Rd8 35. Rd3 Kg8 36. Bxf5 Rxd3 37. Bxd3 h6 38. Kh2 Kf8 39. Kg3 Ne6 40. Kg4 Ng7 41. Kf4 Ke7 42. Ke5 Ne6 43. Bc4 Nc7 44. a4 Ne8 45. h4 Nd6 46. Bd5 b5 47. a5 Ne8 48. Kf5 Nf6 49. Bb3 Nh5 50. g4 Nf6 51. g5 hxg5 52. hxg5 Ne8 53. Ke5 Kd7 54. Kd5 Nd6 55. g6 Nf5 56. Kc5 1-0

[Event "Oberliga Ost A 2023 2024"]
[Site "?"]
[Date "2024.01.13"]
[Round "4.3"]
[Board "8"]
[White "Petzold, Johannes Julius"]
[Black "Schindler, Christian"]
[Result "1/2-1/2"]
[WhiteElo "1618"]
[BlackElo "2142"]
[PlyCount "57"]
[EventDate "2023.10.22"]
[EventType "team-tourn"]
[EventCountry "GER"]
[WhiteTeam "Magdeburg SG Aufbau Elbe II"]
[BlackTeam "Loeberitz SG"]
[WhiteTeamCountry "GER"]
[BlackTeamCountry "GER"]

1. e4 Nf6 2. e5 Nd5 3. c4 Nb6 4. d4 d6 5. f4 dxe5 6. fxe5 Nc6 7. Be3 Bf5 8. Nf3 e6 9. Nc3 Be7 10. Bd3 Bxd3 11. Qxd3 Qd7 12. O-O f6 13. exf6 Bxf6 14. Rad1 O-O-O 15. Ne4 Qe7 16. a3 a5 17. Qb3 a4 18. Qc2 Na5 19. Ned2 Nc6 20. Ne4 Na5 21. c5 Nd5 22. Bd2 Nb3 23. c6 bxc6 24. Qxc6 Nb6 25. Be3 Qd7 26. Qc2 Qb5 27. Nc5 Nxc5 28. dxc5 Qc4 29. Rc1 1/2-1/2

[Event "Oberliga Ost A 2023 2024"]
[Site "?"]
[Date "2024.01.13"]
[Round "4.4"]
[Board "1"]
[White "Mueller, Frank"]
[Black "Becker, Michael"]
[Result "1/2-1/2"]
[WhiteElo "2265"]
[BlackElo "2245"]
[PlyCount "81"]
[EventDate "2023.10.22"]
[EventType "team-tourn"]
[EventCountry "GER"]
[WhiteTeam "Leipzig VfB"]
[BlackTeam "Dessau SK"]
[WhiteTeamCountry "GER"]
[BlackTeamCountry "GER"]

1. d4 Nf6 2. Nf3 c5 3. c3 e6 4. Bf4 Nc6 5. e3 d5 6. Nbd2 Be7 7. Bd3 O-O 8. h4 c4 9. Bc2 b5 10. Ne5 Bb7 11. Qf3 b4 12. Rh3 bxc3 13. bxc3 Qa5 14. Kd1 Nxe5 15. Bxe5 Ne4 16. Nxe4 dxe4 17. Bxe4 Bxe4 18. Qxe4 Qxc3 19. Rc1 Qa3 20. Rc2 Rfd8 21. Rg3 Bf8 22. h5 h6 23. Ke2 Rac8 24. Rd2 Qe7 25. Qf4 Kh7 26. Qg4 f6 27. Qg6+ Kh8 28. Bf4 e5 29. dxe5 fxe5 30. Rxd8 Rxd8 31. Bxh6 Rd6 32. Bxg7+ Bxg7 33. Qg4 Qc7 34. Qe4 c3 35. h6 Rxh6 36. Qa8+ Kh7 37. Qe4+ Kg8 38. Qa8+ Kf7 39. Qd5+ Kf8 40. Qa8+ Kf7 41. Qd5+ 1/2-1/2

[Event "Oberliga Ost A 2023 2024"]
[Site "?"]
[Date "2024.01.13"]
[Round "4.4"]
[Board "2"]
[White "Matthey, Harald"]
[Black "Englert, Luca"]
[Result "0-1"]
[WhiteElo "2078"]
[BlackElo "2175"]
[PlyCount "62"]
[EventDate "2023.10.22"]
[EventType "team-tourn"]
[EventCountry "GER"]
[WhiteTeam "Dessau SK"]
[BlackTeam "Leipzig VfB"]
[WhiteTeamCountry "GER"]
[BlackTeamCountry "GER"]

1. e4 c5 2. Nf3 d6 3. d4 cxd4 4. Nxd4 Nf6 5. Nc3 a6 6. b3 e5 7. Nde2 b5 8. Ng3 Bb7 9. Nd5 Nbd7 10. c4 bxc4 11. Bxc4 Nb6 12. O-O Nfxd5 13. exd5 Be7 14. f4 O-O 15. Rb1 Qc8 16. fxe5 dxe5 17. Nf5 Bc5+ 18. Kh1 g6 19. Qd2 f6 20. Ng3 Qg4 21. Qa5 Rac8 22. Bh6 Nxc4 23. bxc4 Rf7 24. Rxb7 Rxb7 25. Qxa6 Qd7 26. Qxf6 Qf7 27. Ne4 Bf8 28. Be3 Rxc4 29. Nd2 Qxf6 30. Rxf6 Rc1+ 31. Nf1 Rd1 0-1

[Event "Oberliga Ost A 2023 2024"]
[Site "?"]
[Date "2024.01.13"]
[Round "4.4"]
[Board "3"]
[White "Heinrich, Thomas"]
[Black "Mirschinka, Dirk"]
[Result "1/2-1/2"]
[WhiteElo "2193"]
[BlackElo "2168"]
[PlyCount "34"]
[EventDate "2023.10.22"]
[EventType "team-tourn"]
[EventCountry "GER"]
[WhiteTeam "Leipzig VfB"]
[BlackTeam "Dessau SK"]
[WhiteTeamCountry "GER"]
[BlackTeamCountry "GER"]

1. d4 Nf6 2. Nf3 g6 3. Bf4 d6 4. e3 Bg7 5. Be2 O-O 6. h3 c5 7. c3 Qb6 8. Qb3 Nc6 9. Nbd2 Be6 10. Qxb6 axb6 11. a3 Na5 12. O-O Rfc8 13. Rac1 Nb3 14. Nxb3 Bxb3 15. Nd2 Bd5 16. Rfd1 Bc6 17. Bg3 Ne4 1/2-1/2

[Event "Oberliga Ost A 2023 2024"]
[Site "?"]
[Date "2024.01.13"]
[Round "4.4"]
[Board "4"]
[White "Schubert, Ralf"]
[Black "Geiling, Christian"]
[Result "1/2-1/2"]
[WhiteElo "2080"]
[BlackElo "2181"]
[PlyCount "66"]
[EventDate "2023.10.22"]
[EventType "team-tourn"]
[EventCountry "GER"]
[WhiteTeam "Dessau SK"]
[BlackTeam "Leipzig VfB"]
[WhiteTeamCountry "GER"]
[BlackTeamCountry "GER"]

1. d4 Nf6 2. c4 c5 3. d5 e5 4. Nc3 d6 5. e4 g6 6. Bd3 Bg7 7. Nge2 O-O 8. f3 Ne8 9. O-O a6 10. a3 f5 11. Be3 f4 12. Bf2 g5 13. Nc1 h5 14. Be2 Rf7 15. b4 b6 16. Rb1 Nd7 17. Nd3 Ndf6 18. bxc5 bxc5 19. Na4 g4 20. Naxc5 dxc5 21. Nxe5 Rc7 22. Nd3 gxf3 23. Bxf3 Ng4 24. e5 Bf5 25. d6 Rf7 26. e6 Bxe6 27. Bxa8 Qxa8 28. Nxc5 Bxc4 29. Re1 Nxf2 30. d7 Bf8 31. dxe8=Q Nh3+ 32. Kh1 Nf2+ 33. Kg1 Nh3+ 1/2-1/2

[Event "Oberliga Ost A 2023 2024"]
[Site "?"]
[Date "2024.01.13"]
[Round "4.4"]
[Board "5"]
[White "Rohne, Lars"]
[Black "Erler, Rainer"]
[Result "1-0"]
[WhiteElo "2128"]
[BlackElo "2143"]
[PlyCount "73"]
[EventDate "2023.10.22"]
[EventType "team-tourn"]
[EventCountry "GER"]
[WhiteTeam "Leipzig VfB"]
[BlackTeam "Dessau SK"]
[WhiteTeamCountry "GER"]
[BlackTeamCountry "GER"]

1. e4 e5 2. Nf3 Nc6 3. Bc4 Nf6 4. d3 h6 5. O-O d6 6. a4 g5 7. Nc3 g4 8. Ne1 Nd4 9. Be3 Bg7 10. f4 c6 11. a5 d5 12. exd5 cxd5 13. fxe5 dxc4 14. exf6 Bxf6 15. Ne4 Bg7 16. dxc4 Be6 17. c3 Nc6 18. Bc5 Qxd1 19. Rxd1 Rd8 20. Nd6+ Rxd6 21. Bxd6 Nxa5 22. c5 Nc4 23. Ra1 a6 24. Nd3 Kd7 25. Bf4 Kc6 26. Rfd1 Bf5 27. Nb4+ Kb5 28. Ra2 Nxb2 29. Rxb2 Bxc3 30. Nd3+ Bxb2 31. Nxb2 Kxc5 32. Be3+ Kc6 33. Nc4 b5 34. Rd6+ Kc7 35. Bb6+ Kb8 36. Na5 Be6 37. Be3 1-0

[Event "Oberliga Ost A 2023 2024"]
[Site "?"]
[Date "2024.01.13"]
[Round "4.4"]
[Board "6"]
[White "Ozeran, Volodymyr"]
[Black "Just, Wolfgang"]
[Result "1-0"]
[WhiteElo "2072"]
[BlackElo "2087"]
[PlyCount "123"]
[EventDate "2023.10.22"]
[EventType "team-tourn"]
[EventCountry "GER"]
[WhiteTeam "Dessau SK"]
[BlackTeam "Leipzig VfB"]
[WhiteTeamCountry "GER"]
[BlackTeamCountry "GER"]

1. d4 e6 2. Nf3 f5 3. g3 Nf6 4. Bg2 d5 5. c4 Nc6 6. Nc3 Be7 7. O-O O-O 8. Ne5 Ne4 9. cxd5 exd5 10. Nxc6 bxc6 11. Qb3 Bd7 12. Bf4 Rb8 13. Qc2 Bd6 14. Bxd6 cxd6 15. e3 Qg5 16. f4 Qf6 17. Nxe4 fxe4 18. b3 a5 19. Rac1 Rb6 20. Qd2 Ra8 21. Rf2 Qd8 22. Qc3 Qb8 23. Rb2 a4 24. b4 a3 25. Rb3 Ra4 26. Rcb1 h6 27. Bf1 Kh7 28. Rxa3 Raxb4 29. Rxb4 Rxb4 30. Rb3 Rxb3 31. Qxb3 Qxb3 32. axb3 c5 33. Kf2 Kg6 34. Ba6 Kf5 35. Be2 Kf6 36. h4 Be6 37. Ke1 g5 38. Kd2 Bh3 39. Kc3 gxh4 40. gxh4 Bg2 41. b4 Bf3 42. Bb5 cxb4+ 43. Kxb4 Ke6 44. Ka5 Bg4 45. Bc6 Be2 46. Kb6 Bc4 47. Kc7 h5 48. Be8 Be2 49. Bd7+ Ke7 50. f5 Bg4 51. Bc8 Bd1 52. f6+ Kxf6 53. Kxd6 Bg4 54. Bb7 Be2 55. Bxd5 Kf5 56. Be6+ Kf6 57. Bd7 Bg4 58. d5 Be2 59. Kc7 Ke5 60. d6 Bd1 61. Be8 Bg4 62. Bxh5 1-0

[Event "Oberliga Ost A 2023 2024"]
[Site "?"]
[Date "2024.01.13"]
[Round "4.4"]
[Board "7"]
[White "Schoen, Florian"]
[Black "Leibovitch, Iziaslav"]
[Result "0-1"]
[WhiteElo "1899"]
[BlackElo "2085"]
[PlyCount "100"]
[EventDate "2023.10.22"]
[EventType "team-tourn"]
[EventCountry "GER"]
[WhiteTeam "Leipzig VfB"]
[BlackTeam "Dessau SK"]
[WhiteTeamCountry "GER"]
[BlackTeamCountry "GER"]

1. e4 d6 2. Nc3 Nf6 3. f4 g6 4. Bc4 Bg7 5. Nf3 O-O 6. d3 Nc6 7. O-O Na5 8. Bb3 c6 9. Qe1 Nxb3 10. axb3 e5 11. fxe5 dxe5 12. Qh4 Nh5 13. Bg5 f6 14. Be3 b6 15. Ne2 Qc7 16. Nd2 Qf7 17. Bxb6 g5 18. Qf2 a6 19. Nc4 Bg4 20. Bc5 Rfd8 21. Nd6 Qd7 22. Nf5 Nf4 23. Nxf4 gxf4 24. Nd6 Bf8 25. Nc4 Qg7 26. Kh1 Kh8 27. Ra5 Bxc5 28. Rxc5 Rac8 29. h3 Qh6 30. Nd2 Rg8 31. Nf3 Bxf3 32. Qxf3 Rg3 33. Qe2 Rxh3+ 34. gxh3 Qxh3+ 35. Qh2 Qxf1+ 36. Qg1 Qh3+ 37. Qh2 Qe3 38. Qg1 Rg8 39. Qxe3 fxe3 40. Ra5 Rg3 41. Rxa6 h5 42. Ra1 h4 43. Re1 Kg7 44. Re2 Kg6 45. c4 Kg5 46. b4 Kf4 47. Kh2 Kf3 48. Rc2 e2 49. Rc1 Kf2 50. Rc2 Kf1 0-1

[Event "Oberliga Ost A 2023 2024"]
[Site "?"]
[Date "2024.01.13"]
[Round "4.4"]
[Board "8"]
[White "Schaefer, Toni"]
[Black "Collini, Carsten"]
[Result "1/2-1/2"]
[WhiteElo "1381"]
[BlackElo "2092"]
[PlyCount "71"]
[EventDate "2023.10.22"]
[EventType "team-tourn"]
[EventCountry "GER"]
[WhiteTeam "Dessau SK"]
[BlackTeam "Leipzig VfB"]
[WhiteTeamCountry "GER"]
[BlackTeamCountry "GER"]

1. d4 d5 2. c4 e6 3. Nf3 Nd7 4. g3 c6 5. Bg2 Bd6 6. O-O f5 7. b3 Qe7 8. a4 a5 9. Ba3 Bxa3 10. Nxa3 Ngf6 11. Nc2 O-O 12. Nce1 Ne4 13. Nd3 Ndf6 14. Nfe5 Bd7 15. f3 Nd6 16. c5 Nf7 17. b4 axb4 18. Qd2 Ra5 19. Qxb4 Rfa8 20. Qxb7 Nd8 21. Qb4 Be8 22. Rfb1 g5 23. Nc1 Nd7 24. Nxd7 Bxd7 25. e4 f4 26. Nd3 fxg3 27. hxg3 Be8 28. exd5 cxd5 29. Ne5 Rxa4 30. Rxa4 Rxa4 31. Qd2 h6 32. Rb6 Nf7 33. Nxf7 Bxf7 34. f4 Qf6 35. fxg5 hxg5 36. Rb4 1/2-1/2

[Event "Oberliga Ost A 2023 2024"]
[Site "?"]
[Date "2024.01.13"]
[Round "4.5"]
[Board "1"]
[White "Pulpan, Jakub"]
[Black "Richter, Leonard"]
[Result "1-0"]
[WhiteElo "2393"]
[BlackElo "2251"]
[PlyCount "73"]
[EventDate "2023.10.22"]
[EventType "team-tourn"]
[EventCountry "GER"]
[WhiteTeam "Aue ESV Nickelhuette II"]
[BlackTeam "Leipzig SG"]
[WhiteTeamCountry "GER"]
[BlackTeamCountry "GER"]

1. Nf3 Nf6 2. g3 g6 3. b3 Bg7 4. Bb2 O-O 5. Bg2 a5 6. c4 a4 7. b4 c6 8. O-O d5 9. Na3 Nbd7 10. Qc2 Qb6 11. Bc3 Re8 12. Qb2 dxc4 13. Nxc4 Qa6 14. d3 a3 15. Qc1 Nb6 16. Nxb6 Qxb6 17. Nd2 Bg4 18. Nc4 Qa7 19. Re1 Red8 20. Rb1 Be6 21. h3 Qa6 22. Rb3 Bxc4 23. dxc4 Qxc4 24. Rxa3 Rxa3 25. Qxa3 Nd5 26. Bxg7 Kxg7 27. Qb2+ f6 28. Rd1 Ra8 29. a3 Qc3 30. Qxc3 Nxc3 31. Rd7 Kf8 32. Rxb7 Nxe2+ 33. Kh2 Nd4 34. Rd7 e5 35. b5 Nxb5 36. Bxc6 Ra7 37. Bxb5 1-0

[Event "Oberliga Ost A 2023 2024"]
[Site "?"]
[Date "2024.01.13"]
[Round "4.5"]
[Board "2"]
[White "Roesemann, Rainer"]
[Black "Cerveny, Martin"]
[Result "0-1"]
[WhiteElo "2241"]
[BlackElo "2382"]
[PlyCount "130"]
[EventDate "2023.10.22"]
[EventType "team-tourn"]
[EventCountry "GER"]
[WhiteTeam "Leipzig SG"]
[BlackTeam "Aue ESV Nickelhuette II"]
[WhiteTeamCountry "GER"]
[BlackTeamCountry "GER"]

1. c4 e6 2. g3 d5 3. Bg2 Nf6 4. Nf3 Be7 5. O-O O-O 6. b3 a5 7. Bb2 a4 8. Na3 Nc6 9. d4 Bd7 10. e3 Ra6 11. Ne5 Be8 12. Nd3 Qa8 13. c5 Na7 14. Nb4 Ra5 15. Nbc2 Nb5 16. Re1 axb3 17. axb3 Nxa3 18. Nxa3 b5 19. Qe2 Qb7 20. Nc2 Rxa1 21. Rxa1 Bd7 22. Nb4 Ra8 23. Qd1 c6 24. Qb1 h5 25. Ra2 g5 26. Qa1 Rxa2 27. Qxa2 Bc8 28. f3 e5 29. dxe5 Nd7 30. e6 fxe6 31. Qb1 Nf8 32. Qc2 Kf7 33. Qc3 Ke8 34. f4 g4 35. e4 Kd8 36. Nd3 b4 37. Qg7 Qb5 38. Bf1 Nd7 39. Bd4 Ba6 40. exd5 Nxc5 41. Qg8+ Kc7 42. Be5+ Kd7 43. dxe6+ Nxe6 44. Qf7 Qb6+ 45. Nf2 Bxf1 46. Kxf1 Qb5+ 47. Kg1 Qe2 48. Bf6 Nc5 49. Bxe7 Qxe7 50. Qxh5 Nxb3 51. Qxg4+ Kc7 52. f5 Nd2 53. Kg2 c5 54. Nd3 Kb6 55. Qg6+ Kb5 56. f6 Qe2+ 57. Kh3 Qe6+ 58. Kg2 b3 59. Nxc5 Qe2+ 60. Kh3 b2 61. Qf5 b1=Q 62. Ne4+ Kb6 63. Qe6+ Ka5 64. Qd5+ Qbb5 65. Qa2+ Kb6 0-1

[Event "Oberliga Ost A 2023 2024"]
[Site "?"]
[Date "2024.01.13"]
[Round "4.5"]
[Board "3"]
[White "Eichner, Sebastian"]
[Black "Kalkhof, Stefan"]
[Result "1-0"]
[WhiteElo "2301"]
[BlackElo "2236"]
[PlyCount "149"]
[EventDate "2023.10.22"]
[EventType "team-tourn"]
[EventCountry "GER"]
[WhiteTeam "Aue ESV Nickelhuette II"]
[BlackTeam "Leipzig SG"]
[WhiteTeamCountry "GER"]
[BlackTeamCountry "GER"]

1. e4 d6 2. d4 Nf6 3. Nc3 e5 4. Nf3 Nbd7 5. Bc4 Be7 6. O-O c6 7. a4 O-O 8. Re1 Qc7 9. h3 Rb8 10. Be3 b6 11. Ba2 a6 12. Nh4 g6 13. Nf3 Nh5 14. Qd2 b5 15. axb5 axb5 16. Bh6 Ng7 17. g4 exd4 18. Nxd4 Ne5 19. Qe2 b4 20. Nb1 c5 21. Nf3 Bf6 22. Nxe5 Bxe5 23. Bc1 Qe7 24. Nd2 Qh4 25. Kg2 Qf6 26. Nc4 Ba6 27. Qf3 Qxf3+ 28. Kxf3 Ne6 29. Ne3 Ng5+ 30. Kg2 Nxe4 31. Bd5 Bb7 32. Bxb7 Rxb7 33. Nc4 f5 34. Nxe5 dxe5 35. f3 Nd6 36. Rxe5 fxg4 37. hxg4 Rc8 38. Ra5 Rbc7 39. Ra6 Nb5 40. Rb6 Nd4 41. c3 Nb3 42. Bh6 Na5 43. Re4 bxc3 44. bxc3 Nc6 45. Kf2 Kf7 46. Be3 Nd8 47. c4 Rc6 48. Rb1 Re6 49. Rf4+ Rf6 50. Rh1 Rxf4 51. Bxf4 Ne6 52. Be5 Kg8 53. Ra1 Re8 54. Ra7 h5 55. gxh5 gxh5 56. f4 Rf8 57. Kg3 Rf7 58. Ra8+ Kh7 59. Re8 Ng7 60. Rc8 Ne6 61. Rc6 Re7 62. Bf6 Re8 63. f5 Nd4 64. Rxc5 Nb3 65. Rc7+ Kg8 66. Kf4 Nd2 67. Be5 Ra8 68. f6 Rf8 69. Kf5 Nf3 70. Rg7+ Kh8 71. Bc3 Nh4+ 72. Kg5 Nf3+ 73. Kh6 Nh4 74. Rh7+ Kg8 75. f7+ 1-0

[Event "Oberliga Ost A 2023 2024"]
[Site "?"]
[Date "2024.01.13"]
[Round "4.5"]
[Board "4"]
[White "Rausch, Stephan"]
[Black "Schnabel, Ralf"]
[Result "0-1"]
[WhiteElo "2274"]
[BlackElo "2187"]
[PlyCount "108"]
[EventDate "2023.10.22"]
[EventType "team-tourn"]
[EventCountry "GER"]
[WhiteTeam "Leipzig SG"]
[BlackTeam "Aue ESV Nickelhuette II"]
[WhiteTeamCountry "GER"]
[BlackTeamCountry "GER"]

1. d4 f5 2. g3 Nf6 3. Bg2 g6 4. Nh3 Nc6 5. O-O Bg7 6. c4 d6 7. Nc3 O-O 8. d5 Ne5 9. b3 a6 10. a4 Rb8 11. Bb2 c5 12. Nf4 b6 13. Qc2 Bd7 14. Ne6 Bxe6 15. dxe6 Qc8 16. Nd5 Nxd5 17. Bxd5 Qc7 18. Ra2 Nc6 19. Bxg7 Kxg7 20. Qc3+ Kg8 21. h4 Nb4 22. Rd2 Nxd5 23. cxd5 b5 24. axb5 Rxb5 25. Ra1 Qb7 26. Rd3 Rb4 27. h5 gxh5 28. Qd2 f4 29. Ra4 Rxa4 30. bxa4 Qb4 31. Qd1 Qe4 32. gxf4 Rxf4 33. Rg3+ Rg4 34. Qb3 Rxg3+ 35. fxg3 Qxe2 36. Qb8+ Kg7 37. Qe8 Qe1+ 38. Kg2 Qe2+ 39. Kg1 Qd1+ 40. Kh2 Qc2+ 41. Kg1 Qc1+ 42. Kh2 Qb2+ 43. Kg1 Qd4+ 44. Kh2 Qf6 45. Kh3 c4 46. Qc6 c3 47. Qc7 Qf5+ 48. Kh2 Qc2+ 49. Kh3 Kf6 50. Qc4 Qd2 51. Qh4+ Ke5 52. Qxe7 Qxd5 53. Qg7+ Kxe6 54. Qxc3 Qh1# 0-1